00640nam a22002057a 450000500170000001000130001702000220003003500130005203700160006504000120008108200130009310000250010624500890013126000530022027000590027330000340033250000200036665000300038665000180041620170124105937.0 aA-715625 c00.00a8121506069 aA-715625 bCen Lib/Ret aDPLbEN a232bKEN aKennedy, Melville T. aThe chaitanya movement :cby Melville T. Kennedyba study of vaishnavism in Bengal / aNew DelhibMunshiram Manoharlal Publishersc1993 aPost Box 5715, 54 Rani Jhansi Road bNew Delhie110055 aviii, 270p. :c18cm(Hb)bill. aIncludes index. aChaitanya, -- 1486-1534.  aVaishnavism.